| 000 | 00959nam a2200265 a 4500 | ||
|---|---|---|---|
| 001 | BRCA_4907 | ||
| 005 | 20190320204844.0 | ||
| 008 | 201010s1952----cc-#######---#000-1#chi-# | ||
| 041 | _achi | ||
| 044 | _acc | ||
| 050 | 4 |
_aPQ6323 _b.C47 1952 |
|
| 100 | 1 |
_aCervantes Saavedra, Miguel de _d1547-1616 _9213 |
|
| 245 | 1 | 0 |
_aEl Ingenioso Hidalgo Don Quijote de la Mancha _cMiguel de Cervantes Saavedra ; edición y notas de Francisco Rodríguez Marín. |
| 260 |
_a[China] _bClásicos castellanos _c1952 |
||
| 300 |
_a2 v. _c21 cm. |
||
| 500 | _aLibro donado por el Dr. Lúdovik Osterc, 1985 | ||
| 546 | _aTexto en: chino | ||
| 650 | 1 | 4 |
_aNovela española _yÉpoca clásica, 1500-1700 _9215 |
| 650 | 1 | 4 |
_aLiteratura española _yÉpoca clásica, 1500-1700 _9216 |
| 650 | 1 | 4 |
_aNovela española _ySiglo XVII _9217 |
| 650 | 1 | 4 |
_aDon Quijote (Personaje ficticio) _eNovela _9218 |
| 700 | 1 |
_aRodríguez Marín, Francisco _eed. _912425 |
|
| 902 | _aQAG | ||
| 942 |
_2lcc _cB |
||
| 999 |
_c4601 _d4601 |
||